Quindiche /
Guardado en:
| Formato: | Objeto Físico |
|---|---|
| Publicado: |
Argentina :
Ruibal,
2010.
|
| Series: | Duración aproximada de una partida:40 minutos
|
| Materias: | |
| Etiquetas: |
Agregar Etiqueta
Sin Etiquetas, Sea el primero en etiquetar este registro!
|
| LEADER | 00741nrm a22001695g 4500 | ||
|---|---|---|---|
| 001 | CEM.cems019267 | ||
| 008 | 130507s2010##################0###0#####d | ||
| 005 | 20220830104359.0 | ||
| 003 | CEMS | ||
| 245 | 0 | 0 | |a Quindiche / |c Ruibal |
| 260 | |a Argentina : |b Ruibal, |c 2010. | ||
| 300 | |a 1 juego (40 fichas plásticas con números, 4 atriles) ; en caja 22 x 22 x 7 cm. + manual de instrucciones. | ||
| 490 | D | u | |a Duración aproximada de una partida:40 minutos |
| 500 | |a Para 2 a 4 jugadores a partir de 8 años objetivo: sumar la mayor cantidad posible de puntos en cada ronda teniendo en cuenta tus fichas y las de la mesa. | ||
| 082 | 0 | 4 | |a J793.74 |
| 653 | |a 1. juegos y recreaciones matemáticos | ||
| 859 | |a CEMS |b BIB. CEMS - Ludoteca |h J793.74 |i R858 |p 374.11 |t Ej.1 | ||
